| 000 | 00954nam a22002535a 4500 | ||
|---|---|---|---|
| 003 | OSt | ||
| 005 | 20170315151443.0 | ||
| 008 | 170313s2011 ua frb 000 0 ara d | ||
| 015 | _a2011 / 2606 | ||
| 020 | _a9789770466630 | ||
| 040 |
_aEG-ScBUE _bara _cEG-ScBUE |
||
| 082 | 0 | 4 |
_222 _a346.092 _bم ر س |
| 100 | 1 | _aمرسي، لمياء متولي يوسف. | |
| 245 | 1 | 2 |
_aالتنظيم الدولي للاستثمار في إطار اتفاقية استثمار متعددة الأطراف / _cلمياء متولي يوسف مرسي. |
| 250 | _aط. 1 | ||
| 260 |
_aالقاهرة : _bدار النهضة العربية، _c2011. |
||
| 300 |
_a679 ص. ؛ _c24 سم. |
||
| 504 | _aيشتمل على إرجاعات ببليوجرافية. | ||
| 650 | 7 |
_2BUEsh _aالاستثمار الدولي (قانون دولي) |
|
| 650 | 7 |
_aالاستثمار (قانون دولي) _2BUEsh |
|
| 651 | _2BUEsh | ||
| 653 |
_bLLAAWW _cMarch2017 |
||
| 942 | _2ddc | ||
| 999 |
_c24438 _d24410 |
||